Convex knows what's happening right now.

Vývoj nástrojov pre zhromažďovanie údajov o akosti v reálnom čase u firmy Convex. Vývoj vyústil do súčasne používaného systému nazvaného Systém zabezpečenia akosti pre analýzu a oznamovanie (QUASAR). Východisková filozofia o akosti a požiadavkách zákazníka. Základné predpoklady a kroky na vytvorenie...

Ausführliche Beschreibung

Gespeichert in:
Bibliographische Detailangaben
1. Verfasser: Wolfe, B.E
Weitere Verfasser: Davenport, M.G
Format: Buchkapitel
Sprache:Englisch
Schlagworte:
Tags: Tag hinzufügen
Keine Tags, Fügen Sie das erste Tag hinzu!

MARC

LEADER 00000naa a2200000 4500
001 r007364
005 20221213084344.3
041 0 |a eng 
044 |a US 
245 1 0 |a Convex knows what's happening right now.  |c B.E. Wolfe, M.G. Davenport 
520 |a Vývoj nástrojov pre zhromažďovanie údajov o akosti v reálnom čase u firmy Convex. Vývoj vyústil do súčasne používaného systému nazvaného Systém zabezpečenia akosti pre analýzu a oznamovanie (QUASAR). Východisková filozofia o akosti a požiadavkách zákazníka. Základné predpoklady a kroky na vytvorenie systému. Kritériá a požiadavky, ktorým systém musel vyhovovať. Inštrumentáciu systému si firma, výrobca superpočítačov, vybudovala sama. Popis implementácie systému, prínosy a ďalšie cesty k zdokonaleniu. 
610 2 0 |a kvalita 
610 2 0 |a riadenie kvality 
610 2 0 |a systémy počítačové 
610 2 0 |a spracovanie dát 
610 2 0 |a systémy informačné 
610 2 0 |a Convex 
610 2 0 |a QUASAR 
610 2 0 |a zber dát 
610 2 0 |a superpočítače 
100 1 |a Wolfe, B.E. 
700 1 |a Davenport, M.G.